Quiz o Włodzimierzu Leninie - Statystyki

Ogólne statystyki
  • Ten quiz został rozwiązany 72 razy
  • Średni wynik to 10 z 14
Statystyki odpowiedzi
Zagadnienie Odpowiedź % Poprawnych
Jak nazywała się przeprowadzona przez niego rewolucja ? Rewolucja październikowa
100%
Kiedy doszło do rewolucji pod przywództwem Lenina? 1917
88%
Lenin przewodzil : Bolszewikom
88%
Lenin był zwolennikiem idei: Komunistycznych
88%
Kto był następcą Lenina? Stalin
88%
Jakie wydarzenie zwiastowało rewolucje październikowa? Abdykacja i postawienie nowego rządu który nie spełniał oczekiwań ludu
81%
Na podstawie jakiego filozofa ,Lenin bazował swoją ideę Leninizmu ? Marks
81%
W jakim państwie urodził się Lenin? W Rosji
81%
Za jaką klasę społeczną walczył Lenin ? Za robotników
75%
Dlaczego Lenin wyjechał za granicę Był ścigany przez władze i wyjazd umożliwił mu łatwiejsza działalność, poszukiwał wsparcia za granicą
69%
Jak brzmi pełne imię nazwisko i imie odojcowskie Lenina? Władimir Iljicz Uljanow
69%
Jak zakończyła się rewolucja październikowa? Zakończyła się obaleniem rządu tymczasowego i ustanowieniem władzy Rad
63%
Jaka nazwę przybrało Imperium Rosyjskie po przewrocie ustroju ? Rosyjska Federacyjna Socjalistyczna Republika Radziecka
44%
Rewolucja październikowa i lutowa były rewolucjami : Rewolucja lutowa była rewolucja pokojowa a październikowa zbrojoną
31%
Nie znaleziono quizów pasujących do podanych kryteriów
Rozkład punktacji
Procent ludzi z każdym wynikiem
Percentyl według liczby udzielonych odpowiedzi
Twoja historia wyników
Nie rozwiązałeś tego quizu